000 01214nam a2200229Ia 4500
001 L200-54068
003 IT-CnALBA
008 170116s9999||||xx |||||||||||||| ||und||
040 _aIT-CnALBA
_cIT-CnALBA
041 _aITALIANO
100 _aLAURENTIN RENÈ
245 0 _aNOVEAUX MISTERES ET FIN DU CLERGÈ DEVANT LE III SYNODE.
250 _a1a ed.
260 _bDU SEUIL EDITIONS'
_c1971 [1° Ed.:1971 - Ed.Ling.Originale: 1971]
300 _a316 p.
500 _aNUOVI MINISTERI E CRISI DEL CLERO DAVANTI AL III SINODO DEI VESCOVI. DOSSIER PROGRESSISTA. CONTROPARTI. APPLICAZIONE DEL CONCILIO. DA PARTE DELLA BASE, DISINTEGRAZIONE O NUOVA INTEGRAZIONE. IL SACERDOZIO MINISTERIALE, PRIMO ARGOMENTO DEL SINODO. LA GIUSTI
501 _aSocietà San Paolo EM - Piazza San Paolo, 14 - 12051 ALBA (CN) (non commercial uses only) ® Copyright 2017
520 _aNUOVI MINISTERI E CRISI DEL CLERO DAVANTI AL III SINODO DEI VESCOVI. DOSSIER PROGRESSISTA. CONTROPARTI. APPLICAZIONE DEL CONCILIO. DA PARTE DELLA BASE, DISINTEGRAZIONE O NUOVA INTEGRAZIONE. IL SACERDOZIO MINISTERIALE, PRIMO ARGOMENTO DEL SINODO. LA GIUSTI
650 _aRELIGIONE - RELIGIONE CRISTIANA
942 _cBK
957 _71
999 _a71558
_bNO
_g Copie: 1
_c312942
_d312942